<?xml version="1.0" encoding="UTF-8"?>
<collection xmlns="http://www.loc.gov/MARC21/slim">
 <record>
  <leader>01788nam a22004817a 4500</leader>
  <controlfield tag="001">000232207</controlfield>
  <controlfield tag="003">CZ-PrVSE</controlfield>
  <controlfield tag="005">20140703083545.0</controlfield>
  <controlfield tag="007">ta</controlfield>
  <controlfield tag="008">130426s2013    xr a   frd    000 0 cze d</controlfield>
  <datafield tag="015" ind1=" " ind2=" ">
   <subfield code="a">cnb002442255</subfield>
  </datafield>
  <datafield tag="020" ind1=" " ind2=" ">
   <subfield code="a">978-80-266-0189-0</subfield>
   <subfield code="q">(váz.)</subfield>
  </datafield>
  <datafield tag="035" ind1=" " ind2=" ">
   <subfield code="a">(OCoLC)842344156</subfield>
  </datafield>
  <datafield tag="040" ind1=" " ind2=" ">
   <subfield code="a">ABA006</subfield>
   <subfield code="b">cze</subfield>
   <subfield code="c">ABA006</subfield>
   <subfield code="d">ABA006</subfield>
  </datafield>
  <datafield tag="041" ind1="0" ind2=" ">
   <subfield code="a">cze</subfield>
   <subfield code="a">spa</subfield>
  </datafield>
  <datafield tag="072" ind1=" " ind2="7">
   <subfield code="a">811.134</subfield>
   <subfield code="x">Iberorománské jazyky</subfield>
   <subfield code="2">Konspekt</subfield>
   <subfield code="9">11</subfield>
  </datafield>
  <datafield tag="072" ind1=" " ind2="9">
   <subfield code="a">460</subfield>
   <subfield code="x">Spanish and Portuguese languages</subfield>
   <subfield code="2">Conspectus</subfield>
   <subfield code="9">11</subfield>
  </datafield>
  <datafield tag="080" ind1=" " ind2=" ">
   <subfield code="a">811.134.2</subfield>
   <subfield code="2">MRF</subfield>
  </datafield>
  <datafield tag="080" ind1=" " ind2=" ">
   <subfield code="a">81'373</subfield>
   <subfield code="2">MRF</subfield>
  </datafield>
  <datafield tag="080" ind1=" " ind2=" ">
   <subfield code="a">(038)81</subfield>
   <subfield code="2">MRF</subfield>
  </datafield>
  <datafield tag="099" ind1=" " ind2="9">
   <subfield code="a">8-ŠJ-S</subfield>
  </datafield>
  <datafield tag="100" ind1="1" ind2=" ">
   <subfield code="a">Galvis, Diego</subfield>
   <subfield code="7">xx0112412</subfield>
   <subfield code="4">aut</subfield>
  </datafield>
  <datafield tag="245" ind1="1" ind2="0">
   <subfield code="a">1000 španělských slovíček :</subfield>
   <subfield code="b">ilustrovaný slovník /</subfield>
   <subfield code="c">Diego Galvis, Eliška Jirásková ; [ilustrace Aleš Čuma]</subfield>
  </datafield>
  <datafield tag="246" ind1="3" ind2=" ">
   <subfield code="a">Tisíc španělských slovíček</subfield>
  </datafield>
  <datafield tag="250" ind1=" " ind2=" ">
   <subfield code="a">2. vyd.</subfield>
  </datafield>
  <datafield tag="260" ind1=" " ind2=" ">
   <subfield code="a">Brno :</subfield>
   <subfield code="b">Edika,</subfield>
   <subfield code="c">2013</subfield>
  </datafield>
  <datafield tag="300" ind1=" " ind2=" ">
   <subfield code="a">136 s. :</subfield>
   <subfield code="b">il.</subfield>
  </datafield>
  <datafield tag="490" ind1="1" ind2=" ">
   <subfield code="a">Ilustrovaný slovník</subfield>
  </datafield>
  <datafield tag="546" ind1=" " ind2=" ">
   <subfield code="a">Souběžný španělský text</subfield>
  </datafield>
  <datafield tag="650" ind1="0" ind2="7">
   <subfield code="a">španělština</subfield>
   <subfield code="7">ph127867</subfield>
   <subfield code="2">czenas</subfield>
  </datafield>
  <datafield tag="650" ind1="0" ind2="7">
   <subfield code="a">slovní zásoba</subfield>
   <subfield code="7">ph166083</subfield>
   <subfield code="2">czenas</subfield>
  </datafield>
  <datafield tag="655" ind1=" " ind2="7">
   <subfield code="a">jazykové slovníky</subfield>
   <subfield code="7">fd132493</subfield>
   <subfield code="2">czenas</subfield>
  </datafield>
  <datafield tag="650" ind1="0" ind2="9">
   <subfield code="a">Spanish language</subfield>
   <subfield code="2">eczenas</subfield>
  </datafield>
  <datafield tag="650" ind1="0" ind2="9">
   <subfield code="a">vocabulary</subfield>
   <subfield code="2">eczenas</subfield>
  </datafield>
  <datafield tag="655" ind1=" " ind2="9">
   <subfield code="a">language dictionaries</subfield>
   <subfield code="2">eczenas</subfield>
  </datafield>
  <datafield tag="700" ind1="1" ind2=" ">
   <subfield code="a">Jirásková, Eliška</subfield>
   <subfield code="7">xx0112413</subfield>
   <subfield code="4">aut</subfield>
  </datafield>
  <datafield tag="700" ind1="1" ind2=" ">
   <subfield code="a">Čuma, Aleš,</subfield>
   <subfield code="d">1967-</subfield>
   <subfield code="7">jn19981002679</subfield>
   <subfield code="4">ill</subfield>
  </datafield>
  <datafield tag="830" ind1=" " ind2="0">
   <subfield code="a">Ilustrovaný slovník (Edika)</subfield>
  </datafield>
  <datafield tag="993" ind1=" " ind2=" ">
   <subfield code="a">005698111</subfield>
  </datafield>
  <datafield tag="996" ind1=" " ind2=" ">
   <subfield code="1">HPUVV</subfield>
   <subfield code="3">A 10554-V1</subfield>
   <subfield code="4">N:P</subfield>
   <subfield code="5">4202137117</subfield>
   <subfield code="8">20130513</subfield>
   <subfield code="9">811.134.2GAL</subfield>
   <subfield code="f">81</subfield>
   <subfield code="l">UEP01</subfield>
   <subfield code="m">BOOK</subfield>
   <subfield code="q">Knihovna FM JH volný výběr</subfield>
   <subfield code="t">na 1 měsíc</subfield>
   <subfield code="u">UEP01</subfield>
  </datafield>
  <datafield tag="996" ind1=" " ind2=" ">
   <subfield code="1">PJMSK</subfield>
   <subfield code="3">F214990</subfield>
   <subfield code="4">N:P</subfield>
   <subfield code="5">3142266109</subfield>
   <subfield code="8">20130426</subfield>
   <subfield code="9">8-ŠJ-S</subfield>
   <subfield code="f">81</subfield>
   <subfield code="g">35430</subfield>
   <subfield code="l">UEP01</subfield>
   <subfield code="m">BOOK</subfield>
   <subfield code="q">Knihovna JM - sklad</subfield>
   <subfield code="t">na 1 měsíc</subfield>
   <subfield code="u">UEP01</subfield>
   <subfield code="w">20130620</subfield>
  </datafield>
 </record>
</collection>
